000
00358nam a2200145Ia 4500
008
151213s9999 xx 000 0 und d
100
_a
Gareta Roberts
245
_a
The Facrie Queens
_c
Gareta Roberts
260
_a
New Dilhi
_b
Viva Books
_c
2003
300
_a
2207 p.
650
_a
English
650
_a
English
700
_a
Gareta Roberts
999
_c
1612
_d
1612